Stati degli Stati Uniti - Morte improvvisa - Statistics

Statistiche generali
  • Questo quiz è stato fatto 322 volte
  • Il punteggio medio è 19 su 24
Answers on the Grid
Answers color-coded by a green-red scale on the quiz's grid according to % correct below.
Alabama
Alaska
Arizona
California
Carolina del Sud
Delaware
Florida
Georgia
Hawaii
Indiana
Kansas
Kentucky
Maine
Massachusetts
Michigan
Montana
New Jersey
Oklahoma
Pennsylvania
Tennessee
Utah
Virginia
Washington
Wyoming
Anchorage
Phoenix
Los Angeles
Denver
Wilmington
Atlanta
Honolulu
Chicago
Indianapolis
Des Moines
Louisville
Boston
Detroit
Minneapolis
Las Vegas
Albuquerque
Columbus
Portland
Filadelfia
Providence
Memphis
Houston
Charleston
Seattle
 
Statistiche sulle risposte
Risposta % Corretto
Carolina del Sud
81%
Arizona
80%
California
80%
Georgia
80%
Kentucky
79%
Alaska
78%
Florida
78%
Massachusetts
78%
Montana
78%
Pennsylvania
78%
Tennessee
78%
Utah
78%
Virginia
78%
Hawaii
77%
Washington
77%
Alabama
76%
Indiana
76%
Kansas
76%
Michigan
76%
New Jersey
76%
Oklahoma
76%
Wyoming
76%
Delaware
75%
Maine
72%
Nessun quiz corrispondente trovato
Distribuzione punteggi
Percentuale di utenti per punteggio
Percentile per numero di risposta
I tuoi punteggi nel tempo
Non hai fatto questo quiz